000
00207 a2200097 4500
001
18183
100
_a
Sparow, E M
245
_a
Radiation heat transfer
260
_a
_b
Brooks/cole
_c
090
_c
13477
_d
13477
942
_a
NUST-CAE
_c
M
_c
3866
999
_c
253256
_d
253256